000 01762nam a2200313Ia 4500
001 ebr10135399
003 CaPaEBR
006 m u
007 cr cn|||||||||
008 040528t20042002nyu sb 001 0 eng d
040 _aCaPaEBR
_cCaPaEBR
035 _a(OCoLC)560189075
050 1 4 _aBF432.A1
_bA45 2004eb
100 1 _aAlland, Alexander,
_d1931-
245 1 0 _aRace in mind
_h[electronic resource] :
_brace, IQ, and other racisms /
_cAlexander Alland, Jr.
246 3 0 _aRace, IQ, and other racisms
250 _a1st Palgrave Macmillan papberback ed.
260 _aNew York :
_bPalgrave Macmillan,
_c2004, c2002.
300 _a219 p.
504 _aIncludes bibliographical references (p. [205]-213) and index.
505 0 0 _tPrologue --
_tGenetics and evolution --
_tRace: a flawed category --
_tPlaying with fossils: Carlton S. Coon's a priori theory of the origin of races --
_tRace and IQ: Arthur R. Jensen and Cyril Burt --
_tBiological determinism and racism: Robert Ardrey and Konrad Lorenz --
_tAmateurs, professors all: William Shockley, Michael E. Levin, and Leonard Jeffries --
_tHarvard in the act: Richard J. Herrnstein, Charles Murray, and meritocracy --
_tFrom beyond our borders: J.P. Rushton and H.J. Eysenck --
_tEpilogue: other racisms and related matters.
533 _aElectronic reproduction.
_bPalo Alto, Calif. :
_cebrary,
_d2013.
_nAvailable via World Wide Web.
_nAccess may be limited to ebrary affiliated libraries.
650 0 _aRace.
650 0 _aIntelligence levels.
650 0 _aRacism
_zUnited States
_xHistory.
655 7 _aElectronic books.
_2local
710 2 _aebrary, Inc.
856 4 0 _uhttp://site.ebrary.com/lib/rucke/Doc?id=10135399
_zAn electronic book accessible through the World Wide Web; click to view
999 _c187568
_d187568